| 000 | 01492nam0a22002891 4500 | ||
|---|---|---|---|
| 001 | rc\4641565 | ||
| 005 | 20260407122913.0 | ||
| 021 |
_aRU _b[57-14238] |
||
| 035 | _a(NLR Aleph) 008685706 | ||
| 090 |
_a9206976 _c9206976 |
||
| 100 | _a20130416d1957 |||y0rusy50 ca | ||
| 101 | 0 | _arus | |
| 102 | _aRU | ||
| 105 | _ay z ||||| | ||
| 200 | 1 |
_aСелекция сахарной свеклы на повышение сахаристости _eТруды пленума секции техн. культур 23-25 ноября 1954 г. _f[Под ред. академиков И.В. Якушкина, И.С. Варунцяна] _gВсесоюз. ордена Ленина акад. с.-х. наук им. В.И. Ленина. Секция техн. культур |
|
| 210 |
_aМосква _cСельхозгиз _d1957 |
||
| 215 |
_a278 с. _d21 |
||
| 606 |
_aСахарная свекла _xСелекция _jСборники _2psbo |
||
| 606 |
_aСахарная свекла _xСахаристость _jСборники _2psbo |
||
| 702 | 1 |
_aЯкушкин _bИ.В. _f1885-1960 _gИван Вячеславович _4220 |
|
| 702 | 1 |
_4340 _7ca _8rus _aВарунцян _bИ. С. _f1898-1988 _gИсай Сергеевич _9268719 _3RU\NLR\AUTH\770268775 |
|
| 712 | 0 | 2 |
_aВАСХНИЛ _bСекция техн. культур _bПленум _f1954, ноябрь _9646208 _3RU\NLR\AUTH\8810072087 |
| 801 | 0 |
_aRU _bNLR _gpsbo |
|
| 801 | 1 |
_aRU _bELAR _2rusmarc |
|
| 852 |
_aNLR _j57-3/1280 |
||
| 942 | _cBOOK | ||
| 980 | _aNB | ||